Environmentálne aspekty rastu: eko-efektívnosť vs. plánované zastarávanie bakalárska práca

Enregistré dans:
Détails bibliographiques
Auteur principal: Magicová, Jana
Collectivité auteur: Národohospodárska fakulta EU. Katedra hospodárskej politiky
Autres auteurs: Nežinský, Eduard, 1972-
Format: Livre
Langue:slovaque
Publié: Bratislava 2017
Tags: Ajouter un tag
Pas de tags, Soyez le premier à ajouter un tag!

MARC

LEADER 00000nbm a2200000 4500
001 0245797
005 20180917102854.7
041 0 |a slo 
044 |a SK 
245 1 0 |a Environmentálne aspekty rastu: eko-efektívnosť vs. plánované zastarávanie  |b bakalárska práca  |c Jana Magicová ; školiteľ: Eduard Nežinský 
264 1 |a Bratislava  |c 2017 
300 |a 38 s. 
100 1 |a Magicová, Jana 
700 1 |a Nežinský, Eduard, 1972- 
710 2 |a Národohospodárska fakulta EU. Katedra hospodárskej politiky